| 000 | 00720nam a2200241Ia 4500 | ||
|---|---|---|---|
| 005 | 20240306112437.0 | ||
| 008 | 131103s9999 xx 000 0 und d | ||
| 020 |
_a8183160840 _cRs 3500 (set) |
||
| 040 | _aLoreto College | ||
| 041 | _aEnglish | ||
| 082 |
_a371.33 _bKOV |
||
| 245 |
_aEncyclopaedia of Education and Technology Vol 1 _b _cEdited by Ann Kovalchick, Kara Dawson |
||
| 260 |
_aNew Delhi _bNeelkamal Publications Pvt. Ltd. _c2006 |
||
| 300 | _axxi,371p | ||
| 504 | _aIncludes bibliographical references | ||
| 630 | _aEducation | ||
| 630 | _aLearning | ||
| 650 | _aTeaching and Learning | ||
| 651 | _aEducational Technology | ||
| 700 | _aKovalchick Ann, ed | ||
| 850 | _aLCLIB | ||
| 942 | _cBK | ||
| 999 |
_c15519 _d65998 |
||